| 000 | 00526cam a22001811 4500 | ||
|---|---|---|---|
| 082 |
_a691 _bDES _cD |
||
| 100 | 1 |
_aDeshpande, Raghunath Shripad, _944129 |
|
| 245 | 1 | 0 | _aMaterials of construction. |
| 250 | _a8th ed. | ||
| 260 |
_aPoona, _bUnited Book Corp. _c[1962] |
||
| 300 |
_a353 p. _billus. _c20 cm. |
||
| 526 |
_a0 _b0 _c0 _d691_000000000000000_DES |
||
| 526 |
_a0 _b0 _c0 _d691_000000000000000_DES |
||
| 526 |
_a0 _b0 _c0 _d691_000000000000000_DES |
||
| 650 | 0 | _aBuilding materials. | |
| 650 | 0 |
_aMCE _9379 |
|
| 942 |
_2ddc _cBK |
||
| 999 |
_c548877 _d548877 |
||